Statistics for Name that Percy Jackson book

Click here to take the quiz!

General Stats

  • This quiz has been taken 306 times
  • The average score is 4 of 5

Answer Stats

Hint Answer % Correct
1st BookThe Lightning Thief
94%
2nd BookThe Sea of Monsters
92%
3rd BookThe Titans Curse
87%
5th BookThe Last Olympian
67%
4th BookThe Battle of the Labyrinth
62%

Score Distribution

Percentile by Number Answered

Percent of People with Each Score

Your Score History

You have not taken this quiz